000 00632nam a2200217Ia 4500
003 OSt
005 20230425154125.0
008 210423s2018 xx 000 0 und d
020 _a978-93-87537-22-4
040 _cAL
041 _aeng
082 _a810.9
_223
_bRANM
100 _aRANI (Rekha)
_992941
245 _aMarginalizd indigenous idntities in native American literature
260 _aNew Delhi
_bCrescent Publishing Co
_c2018
300 _a70
_bHB
365 _b475
_cINR
650 _aAmerican Criticism
_992942
906 _aAmerican ; idntities ; indigenous ; literature ; Marginalizd ; native
942 _2ddc
_cBK
999 _c170322
_d170322